000 00824nam a22002417a 4500
001 63831
003 UA-OsUOA
005 20220517112529.0
007 ta
008 20091021b un ||||| |||| 00| 0 ukr d
040 _aUA-OsUOA
_brus
_cUA-OsUOA
_dUA-OsUOA
041 _arus
080 _a94(470+571)
090 _a94(470+571)
_bИ90
245 _aИстория Великой Отечественной войны Советского Союза 1941–1945
_bв шести томах
_cВ. А. Василенко
260 _aМ.
_bВИМО СССР
_c1963
300 _a650 с.
505 _gТ. 6
_tИтоги Великой Отечественной войны
650 7 _a94 Історія
_2UDC
942 _cBK
_2udc
955 _a2
999 _c349901
_d349901